[Event "4NCL"]
[Site "De Vere, Staverton Park, ENG"]
[Date "2011.11.12"]
[Round "111.4"]
[White "Player, Edmund C"]
[Black "Emms, John M"]
[Result "1/2-1/2"]
[WhiteElo "2199"]
[BlackElo "2484"]
[PlyCount "83"]
[EventDate "2011.??.??"]
[WhiteTeam "Anglian Avengers 1"]
[BlackTeam "Wood Green Hilsmark 1"]

1. e4 c5 2. Nc3 g6 3. g3 Bg7 4. Bg2 Nc6 5. d3 d6 6. Be3 Nf6 7. Nge2 O-O 8. h3
e5 9. Qd2 Nd4 10. g4 Be6 11. f4 Nxe2 12. Nxe2 exf4 13. Nxf4 Nd7 14. c3 Nb6 15.
O-O Rc8 16. Nxe6 fxe6 17. Rxf8+ Qxf8 18. Rf1 Qe7 19. Bg5 Qd7 20. Bf6 Bxf6 21.
Rxf6 Qe7 22. Qg5 Re8 23. h4 Nd7 24. Rf1 Qxg5 25. hxg5 Rf8 26. d4 cxd4 27. Rxf8+
Kxf8 28. cxd4 e5 29. d5 Nc5 30. Kf1 Nd3 31. b3 Nc1 32. Ke1 Nxa2 33. Kd2 Ke7 34.
Bf1 a6 35. Kc2 Nb4+ 36. Kc3 a5 37. Bb5 Kd8 38. Bc4 Kc7 39. Bb5 Na6 40. Bxa6
bxa6 41. Kd3 Kb7 42. Kc3 1/2-1/2

[Event "4NCL"]
[Site "De Vere, Staverton Park, ENG"]
[Date "2011.11.12"]
[Round "111.8"]
[White "Smith, Olivia"]
[Black "Ward, Chris G"]
[Result "0-1"]
[WhiteElo "2010"]
[BlackElo "2448"]
[PlyCount "64"]
[EventDate "2011.??.??"]
[WhiteTeam "Anglian Avengers 1"]
[BlackTeam "Wood Green Hilsmark 1"]

1. Nf3 c5 2. g3 Nc6 3. Bg2 e5 4. d3 d5 5. O-O f6 6. Nbd2 Nh6 7. e4 d4 8. Nh4
Be6 9. a4 Qc7 10. Nc4 Nf7 11. f4 exf4 12. Bxf4 Qd7 13. Nf5 g6 14. Qe2 Bxc4 15.
dxc4 gxf5 16. exf5+ Nce5 17. Rae1 h5 18. Bd5 Bd6 19. Qe4 Rb8 20. Re2 Kf8 21.
Rfe1 h4 22. Be6 Qc6 23. Bd5 Qc7 24. Qg2 hxg3 25. hxg3 Kg7 26. g4 Rh4 27. Bg3
Rxg4 28. Re4 Nf3+ 29. Kf1 Rxg3 30. Rg4+ N3g5 31. Rxg3 Bxg3 32. Re6 Nxe6 0-1

[Event "4NCL"]
[Site "De Vere, Staverton Park, ENG"]
[Date "2011.11.12"]
[Round "115.4"]
[White "Buckley, Simon T"]
[Black "Thorfinnsson, Bjorn"]
[Result "0-1"]
[WhiteElo "2352"]
[BlackElo "2402"]
[PlyCount "76"]
[EventDate "2011.??.??"]
[WhiteTeam "White Rose 1"]
[BlackTeam "Jutes of Kent"]

1. c4 c6 2. b3 d5 3. Bb2 Nf6 4. Qc2 g6 5. d3 Bg7 6. Nd2 Na6 7. a3 O-O 8. Ngf3
b5 9. Ne5 bxc4 10. bxc4 Qd6 11. e3 Rb8 12. Nef3 Nd7 13. Bxg7 Kxg7 14. Be2 e5
15. O-O Re8 16. Rfc1 f6 17. Nb3 Ndc5 18. Nxc5 Nxc5 19. Rab1 Rxb1 20. Rxb1 d4
21. Qd2 Re7 22. Ne1 Bf5 23. exd4 Qxd4 24. Qe3 Rd7 25. Rd1 h5 26. h3 a5 27. Qxd4
Rxd4 28. Bf3 Nxd3 29. Nc2 Rxc4 30. Ne3 Rc3 31. Nxf5+ gxf5 32. Bxc6 Rxa3 33. Bb5
e4 34. Bd7 Kg6 35. h4 Ne5 36. Be8+ Kh6 37. g3 e3 38. Rd6 e2 0-1

[Event "4NCL"]
[Site "De Vere, Staverton Park, ENG"]
[Date "2011.11.12"]
[Round "116.2"]
[White "Eckersley-Waites, Tom"]
[Black "Greet, Andrew N"]
[Result "1-0"]
[WhiteElo "2276"]
[BlackElo "2449"]
[PlyCount "79"]
[EventDate "2011.??.??"]
[WhiteTeam "Oxford 1"]
[BlackTeam "Wood Green Hilsmark 2"]

1. e4 d6 2. Nf3 Nf6 3. Nc3 e5 4. d4 Nbd7 5. g3 Be7 6. Bg2 c6 7. O-O b5 8. a4 b4
9. Na2 Rb8 10. c3 bxc3 11. Nxc3 O-O 12. Qc2 exd4 13. Nxd4 Ne5 14. f4 Qb6 15.
Nce2 Ne8 16. a5 Qc5 17. fxe5 dxe5 18. b4 Rxb4 19. Ba3 exd4 20. Qxc5 Bxc5 21.
Rfc1 Be7 22. Bxb4 Bxb4 23. Nxd4 Bd2 24. Rd1 Bc3 25. Ra4 Bg4 26. Rd3 Bxd4+ 27.
Raxd4 Nc7 28. Rd2 Be6 29. Rd6 Na6 30. Rxc6 Nb4 31. Rc7 g5 32. Rd4 Rb8 33. e5
Na6 34. Rxa7 Rb1+ 35. Kf2 Rb2+ 36. Kf1 Nc5 37. Bd5 Bxd5 38. Rxd5 Ne4 39. Rd8+
Kg7 40. e6 1-0

[Event "4NCL"]
[Site "De Vere, Staverton Park, ENG"]
[Date "2011.11.12"]
[Round "116.3"]
[White "Trent, Lawrence"]
[Black "Rose, Matthew"]
[Result "1/2-1/2"]
[WhiteElo "2433"]
[BlackElo "2282"]
[PlyCount "148"]
[EventDate "2011.??.??"]
[WhiteTeam "Wood Green Hilsmark 2"]
[BlackTeam "Oxford 1"]

1. d4 Nf6 2. Bg5 d5 3. e3 c5 4. c3 Nc6 5. Nf3 Qb6 6. Qb3 c4 7. Qc2 Ne4 8. Nbd2
h6 9. Bf4 Bf5 10. Nxe4 Bxe4 11. Qc1 e6 12. Nd2 Bh7 13. Be2 Be7 14. O-O O-O 15.
e4 Qd8 16. Re1 b5 17. Bf3 Rc8 18. exd5 exd5 19. Nf1 Kh8 20. h3 Bd6 21. Ng3 g5
22. Bxd6 Qxd6 23. Qd2 Rce8 24. Rxe8 Rxe8 25. Re1 Re7 26. Nf1 Rxe1 27. Qxe1 Ne7
28. Nh2 Kg7 29. Ng4 h5 30. Ne3 Bg6 31. Qe2 h4 32. Bh5 Bxh5 33. Qxh5 Qg6 34. Qg4
f5 35. Qe2 Kf7 36. Qf3 Ke6 37. a3 Kd6 38. Nf1 Kc6 39. Qe3 Qf6 40. Nd2 g4 41.
Qf4 gxh3 42. gxh3 Qg6+ 43. Kf1 Qh5 44. Nf3 Ng6 45. Qe3 Kd6 46. Ng5 Kc7 47. Ne6+
Kb6 48. Nc5 Ka5 49. Qe8 Qg5 50. Qe3 Nf4 51. Qf3 Kb6 52. Nd7+ Kc7 53. Ne5 Kb6
54. Nf7 Qf6 55. Qxf4 Qxf7 56. Qxh4 f4 57. Qd8+ Ka6 58. Qc8+ Ka5 59. Qc5 f3 60.
a4 a6 61. Qb4+ Kb6 62. Qc5+ Ka5 63. Qb4+ Kb6 64. a5+ Kb7 65. Qd6 Qf5 66. Qb6+
Kc8 67. Qxa6+ Kc7 68. Qb6+ Kc8 69. Qc6+ Kd8 70. Qd6+ Kc8 71. Kg1 b4 72. a6 bxc3
73. bxc3 Qb1+ 74. Kh2 Qg1+ 1/2-1/2

[Event "4NCL"]
[Site "De Vere, Staverton Park, ENG"]
[Date "2011.11.13"]
[Round "211.8"]
[White "Ward, Chris G"]
[Black "Norinkeviciute, Rasa"]
[Result "1-0"]
[WhiteElo "2448"]
[BlackElo "1996"]
[PlyCount "123"]
[EventDate "2011.??.??"]
[WhiteTeam "Wood Green Hilsmark 1"]
[BlackTeam "e2e4.org.uk 1"]

1. d4 Nf6 2. c4 e6 3. Nc3 Bb4 4. Qc2 Nc6 5. e3 O-O 6. Bd3 Re8 7. Nge2 e5 8. O-O
Bxc3 9. Qxc3 e4 10. Bc2 d5 11. b3 Ne7 12. Ba3 Ng6 13. Ng3 h5 14. f4 h4 15. Nh1
Bf5 16. Nf2 Qd7 17. Rae1 c6 18. Bd1 Rac8 19. h3 Kh7 20. Be2 Rh8 21. Rc1 Rhe8
22. Qe1 b6 23. Ng4 Nxg4 24. hxg4 Bxg4 25. Bxg4 Qxg4 26. f5 Nf8 27. Rf4 Qg5 28.
Rxh4+ Kg8 29. g4 g6 30. Rc2 Kg7 31. Bd6 Qd8 32. Qg3 Nh7 33. fxg6 Kxg6 34. Qh2
Ng5 35. Rh6+ Kg7 36. Qh5 Re6 37. Be5+ Rxe5 38. dxe5 dxc4 39. Rd6 Nf3+ 40. Kf2
Qh8 41. Rxc4 Qxh5 42. gxh5 Nxe5 43. Rxe4 f6 44. h6+ Kf7 45. h7 Kg7 46. Rh4 Rh8
47. Ke2 Kg6 48. Rf4 Rxh7 49. Rdxf6+ Kg7 50. Re6 Rh2+ 51. Rf2 Rh5 52. Re7+ Kg6
53. Rxa7 b5 54. Ra8 Kg7 55. Re8 Rg5 56. a4 bxa4 57. bxa4 Nc4 58. Re7+ Kg8 59.
Kd3 Nb6 60. Rb2 Rd5+ 61. Ke2 Nd7 62. Rb7 1-0

[Event "4NCL"]
[Site "De Vere, Staverton Park, ENG"]
[Date "2011.11.13"]
[Round "215.1"]
[White "Jones, Gawain CB"]
[Black "Lalic, Bogdan"]
[Result "1-0"]
[WhiteElo "2635"]
[BlackElo "2454"]
[PlyCount "97"]
[EventDate "2011.??.??"]
[WhiteTeam "White Rose 1"]
[BlackTeam "Wood Green Hilsmark 2"]

1. e4 e5 2. Nf3 Nf6 3. d4 exd4 4. e5 Ne4 5. Qxd4 d5 6. exd6 Nxd6 7. Nc3 Nc6 8.
Qf4 Nf5 9. Bb5 Bd6 10. Qe4+ Nfe7 11. Bg5 f6 12. Bf4 Bf5 13. Qe3 Bxf4 14. Qxf4
O-O 15. Bxc6 bxc6 16. Qc4+ Kh8 17. Nd4 Qd6 18. O-O-O Qf4+ 19. Kb1 Rfd8 20. g3
Qxf2 21. Rhf1 Qxh2 22. Nxf5 Rxd1+ 23. Nxd1 Nxf5 24. Rxf5 Rd8 25. Rf1 Qxg3 26.
Qxc6 h5 27. a4 h4 28. Nc3 h3 29. Qf3 Qg2 30. Qh5+ Kg8 31. Rf3 g6 32. Qxh3 Qxh3
33. Rxh3 f5 34. Kc1 f4 35. Rh4 Rf8 36. Kd2 Kg7 37. Rg4 Kh6 38. Ke2 g5 39. Ne4
Rf5 40. Kf3 Kh5 41. b4 c6 42. c4 Re5 43. Rxg5+ Rxg5 44. Nxg5 Kxg5 45. b5 cxb5
46. cxb5 Kf5 47. a5 Ke5 48. b6 axb6 49. a6 1-0

[Event "4NCL"]
[Site "De Vere, Staverton Park, ENG"]
[Date "2011.11.13"]
[Round "215.4"]
[White "Sowray, Peter J"]
[Black "Buckley, Simon T"]
[Result "1-0"]
[WhiteElo "2353"]
[BlackElo "2352"]
[PlyCount "37"]
[EventDate "2011.??.??"]
[WhiteTeam "Wood Green Hilsmark 2"]
[BlackTeam "White Rose 1"]

1. d4 d6 2. e4 Nf6 3. Nc3 g6 4. f4 Bg7 5. Nf3 O-O 6. Bd3 Nfd7 7. O-O c5 8. d5
Nb6 9. f5 c4 10. Be2 gxf5 11. Qe1 fxe4 12. Qg3 Bf5 13. Ng5 Bg6 14. h4 e5 15. h5
h6 16. hxg6 hxg5 17. gxf7+ Rxf7 18. Rxf7 Kxf7 19. Bxg5 1-0

[Event "4NCL"]
[Site "Barcelo Hotel, Hinkley Island"]
[Date "2012.01.14"]
[Round "3.11"]
[White "Richardson, John R"]
[Black "Howell, David WL"]
[Result "0-1"]
[WhiteElo "2330"]
[BlackElo "2603"]
[PlyCount "82"]
[EventDate "2012.??.??"]
[WhiteTeam "The AD's"]
[BlackTeam "Wood Green Hilsmark 1"]

1. d4 Nf6 2. c4 e6 3. Nc3 Bb4 4. e3 O-O 5. Nge2 d5 6. a3 Bd6 7. Ng3 c6 8. Be2
e5 9. cxd5 cxd5 10. Nb5 e4 11. Nxd6 Qxd6 12. Bd2 Nc6 13. b4 Ne7 14. b5 Be6 15.
O-O Qd7 16. Rc1 Ng6 17. Qa4 Nh4 18. Rfe1 h5 19. Bf1 Bg4 20. Bb4 Rfe8 21. Rc5
Nf3+ 22. gxf3 exf3 23. Rec1 h4 24. Rc7 Qe6 25. Qc2 hxg3 26. hxg3 Bh3 27. Qd1
Bxf1 28. Kxf1 Qh3+ 29. Ke1 Qg2 30. Qd3 Ng4 31. R1c2 Re4 32. Re7 Rxe7 33. Bxe7
Re8 34. Bg5 g6 35. Qf1 Nh2 36. Qd3 Qg1+ 37. Kd2 Qxf2+ 38. Kc1 Qg1+ 39. Kb2 f2
40. Rc1 Qxc1+ 41. Kxc1 f1=Q+ 0-1

[Event "4NCL"]
[Site "Barcelo Hotel, Hinkley Island"]
[Date "2012.01.14"]
[Round "3.24"]
[White "Munson, Shaun D"]
[Black "Zhou, Yang-Fan"]
[Result "0-1"]
[WhiteElo "2201"]
[BlackElo "2438"]
[PlyCount "76"]
[EventDate "2012.??.??"]
[WhiteTeam "Anglian Avengers 1"]
[BlackTeam "Guildford 1"]

1. d4 Nf6 2. Nc3 d5 3. Bg5 Nbd7 4. e3 e6 5. Qf3 Bb4 6. Nge2 h6 7. Bf4 c6 8.
O-O-O b5 9. g4 Be7 10. h4 b4 11. Nb1 Qa5 12. g5 Ne4 13. gxh6 gxh6 14. Ng3 Nxg3
15. Qxg3 Qxa2 16. Be2 Ba6 17. Bxa6 Qxa6 18. e4 Nf6 19. exd5 Nh5 20. Qf3 Nxf4
21. Qxf4 cxd5 22. Rd2 Qd6 23. Qf3 a5 24. c4 Qa6 25. Rc2 dxc4 26. d5 Qb7 27. Rd1
Rd8 28. Rxc4 Rxd5 29. Rxd5 Qxd5 30. Rc8+ Bd8 31. Qf6 O-O 32. Qxh6 Bg5+ 33.
Qxg5+ Qxg5+ 34. hxg5 Rxc8+ 35. Kd2 Kg7 36. f4 Kg6 37. Kd3 Kf5 38. Nd2 Rd8+ 0-1

[Event "4NCL"]
[Site "Barcelo Hotel, Hinkley Island"]
[Date "2012.01.14"]
[Round "3.54"]
[White "Moskovic, David M"]
[Black "Buckley, Simon T"]
[Result "1/2-1/2"]
[WhiteElo "2324"]
[BlackElo "2347"]
[PlyCount "68"]
[EventDate "2012.??.??"]
[WhiteTeam "Cambridge University 1"]
[BlackTeam "White Rose 1"]

1. d4 e6 2. e4 d5 3. e5 c5 4. c3 Nc6 5. Nf3 Bd7 6. Be2 f6 7. O-O fxe5 8. Nxe5
Nxe5 9. dxe5 Qc7 10. c4 d4 11. Bf4 O-O-O 12. Nd2 Bc6 13. Nf3 h6 14. Qd3 g5 15.
Bg3 Ne7 16. Qa3 b6 17. b4 cxb4 18. Qxb4 d3 19. Bd1 Nf5 20. Qd2 Bc5 21. Kh1 Rhf8
22. Rb1 g4 23. Nh4 Be3 24. Qe1 d2 25. Qe2 Nxg3+ 26. hxg3 Bc5 27. Bc2 Rd7 28.
Rbd1 Be7 29. Qxg4 Bxh4 30. gxh4 Rg7 31. Qxe6+ Bd7 32. Qd5 Bc6 33. Qe6+ Bd7 34.
Qd5 Bc6 1/2-1/2

[Event "4NCL"]
[Site "Barcelo Hotel, Hinkley Island"]
[Date "2012.01.14"]
[Round "3.56"]
[White "Eckersley-Waites, Adam"]
[Black "Gourlay, Iain"]
[Result "1/2-1/2"]
[WhiteElo "2231"]
[BlackElo "2351"]
[PlyCount "80"]
[EventDate "2012.??.??"]
[WhiteTeam "Cambridge University 1"]
[BlackTeam "White Rose 1"]

1. e4 e6 2. d4 d5 3. Nc3 Nf6 4. Bg5 Bb4 5. e5 h6 6. Be3 Ne4 7. Nge2 c5 8. dxc5
Nc6 9. a3 Nxc3 10. Nxc3 Bxc3+ 11. bxc3 Qa5 12. Bd4 Nxd4 13. Qxd4 Bd7 14. Rb1
Rb8 15. a4 Qxa4 16. Qxa4 Bxa4 17. Ra1 Bc6 18. Rxa7 Ke7 19. Kd2 Ra8 20. Rxa8
Rxa8 21. Bd3 Ra5 22. Ke3 Rxc5 23. Ra1 Bd7 24. Kd4 Rc7 25. Ra8 Bc8 26. h4 Kd8
27. h5 f6 28. f4 fxe5+ 29. fxe5 Rf7 30. c4 dxc4 31. Bxc4 Rf4+ 32. Kc5 Kc7 33.
Rxc8+ Kxc8 34. Bxe6+ Kc7 35. g4 Rf2 36. Bf5 Rd2 37. Bd3 Rg2 38. Bf5 Rd2 39. Bd3
Kd7 40. Bf5+ Kc7 1/2-1/2

[Event "4NCL"]
[Site "Barcelo Hotel, Hinckley Islan"]
[Date "2012.01.15"]
[Round "4.56"]
[White "Buckley, Simon T"]
[Black "Cox, John J"]
[Result "1-0"]
[WhiteElo "2347"]
[BlackElo "2411"]
[PlyCount "65"]
[EventDate "2012.??.??"]
[WhiteTeam "White Rose 1"]
[BlackTeam "Barbican 4NCL 1"]

1. c4 Nf6 2. Nf3 g6 3. g3 Bg7 4. Bg2 O-O 5. O-O d6 6. Nc3 e5 7. d4 Nbd7 8. Qc2
c6 9. Rd1 Re8 10. e4 Qe7 11. d5 c5 12. a3 a5 13. Ne1 Nb6 14. Nb5 Rd8 15. Bd2
Bd7 16. a4 Nh5 17. Nd3 f5 18. Re1 fxe4 19. Bxe4 Nf6 20. Bg2 Bf5 21. Qb3 Nbd7
22. Nc7 Ra7 23. Ra3 b6 24. Nb5 Rb7 25. h3 Rf8 26. g4 Bxd3 27. Qxd3 Nb8 28. Bg5
h6 29. Bd2 g5 30. Qg6 Ne8 31. Be4 Qf6 32. Qh7+ Kf7 33. Rf3 1-0

[Event "4NCL"]
[Site "Barcelo Hotel, Hinckley Islan"]
[Date "2012.01.15"]
[Round "4.57"]
[White "Piper, Matthew S"]
[Black "Townsend, M Paul"]
[Result "1-0"]
[WhiteElo "2341"]
[BlackElo "2255"]
[PlyCount "151"]
[EventDate "2012.??.??"]
[WhiteTeam "Barbican 4NCL 1"]
[BlackTeam "White Rose 1"]

1. e4 e6 2. d4 d5 3. Nd2 c5 4. exd5 exd5 5. Ngf3 Nc6 6. Bb5 Bd6 7. dxc5 Bxc5 8.
O-O Nge7 9. Nb3 Bd6 10. Re1 O-O 11. Bd3 h6 12. h3 Nf5 13. c3 Qf6 14. Bc2 Rd8
15. Qd3 g6 16. Qd2 Bf8 17. Qf4 Bd6 18. Qd2 Bf8 19. Bxf5 Bxf5 20. Nfd4 Re8 21.
Rd1 g5 22. Nxf5 Qxf5 23. Qxd5 Re1+ 24. Kh2 Qxf2 25. Rxe1 Qxe1 26. Bxg5 Qe2 27.
Qd2 Qh5 28. Bf4 Rd8 29. Qf2 Ne5 30. Bxe5 Qxe5+ 31. Qg3+ Bg7 32. Qxe5 Bxe5+ 33.
Kg1 Kg7 34. Kf2 f5 35. Ke2 Kf6 36. Rd1 Rg8 37. Kf3 Rg3+ 38. Kf2 Rg7 39. Rd8 Bc7
40. Rf8+ Kg6 41. Kf3 Bb6 42. Nd4 Bxd4 43. cxd4 Re7 44. Rd8 Re6 45. d5 Rb6 46.
d6 Kf7 47. b3 Ra6 48. Rh8 Rxd6 49. Rh7+ Kg6 50. Rxb7 a6 51. g3 Kf6 52. Kf4 Rd4+
53. Ke3 Rd6 54. a4 Ke5 55. Re7+ Kf6 56. Rc7 Rb6 57. Rc3 Ke5 58. Kd3 Kd5 59. Kc2
h5 60. Rf3 Ke4 61. Rf4+ Ke5 62. h4 Rg6 63. Rf3 Rg4 64. a5 Ke6 65. Kc3 f4 66.
gxf4 Rxh4 67. b4 Rh1 68. b5 Ra1 69. Kb4 axb5 70. Rh3 Ra4+ 71. Kxb5 Rxf4 72. a6
Rf1 73. Rxh5 Kd6 74. a7 Rb1+ 75. Ka6 Kc7 76. a8=Q 1-0